| 000 | 00918cam a22002174a 4500 | ||
|---|---|---|---|
| 005 | 20250605164127.0 | ||
| 008 | 250528s ||||||||||||||||||||||||d | ||
| 035 | _a18482 | ||
| 020 | _a333256875 | ||
| 040 |
_aGR-AtMCL _bgre _dGR-AtMCL _eAACR2 |
||
| 245 | 1 | _aNew Syllabus Mathematics for O-Level 2 | |
| 260 | _c1979 | ||
| 300 | _a136 | ||
| 520 | _aA complete revision course for the O-Level 2 modern mathematics syllabus as set by the major boards. Preface, Notation, Quadratic Functions, Trigonometry, Variation and Kinematics and Further Graphs, Coordinate Geometry and Calculus, Vectors and Transformations, Binary Operations and Finite Arithmetic and Groups, Further Case Geometry, Geometry and Trigonometry in Three Dimensions, Answers to Exercises, Index. | ||
| 700 | 1 |
_aMacmillan _9736 |
|
| 700 | 1 |
_aPerry Joyce _94741 |
|
| 700 | 1 |
_aPerry Owen _94742 |
|
| 942 | _cBK | ||
| 999 |
_c3842 _d3842 |
||